Quizzes
Events
Quiz Creation
Community
Videos
Private Events
Remove Ads
Sign In
Join for FREE
Feedback
Dark Mode
Quiz Categories
Sports
Geography
Music
Movies
Television
Just For Fun
Miscellaneous
History
Literature
Language
Science
Gaming
Entertainment
Religion
Holiday
For Kids
Quiz Lab
Recent
Popular Today
Quiz Kudos Today
Editor Picks
Curator Picks
Quizzes by...
Day
Popularity
Type
Ratings
Length
Year
Community
Subscriptions
Recent Discussions
Orange Saloon
Badges
Playlists
Quests
Create
Leaderboards
Showdown
Live 5
Trivia Bingo
Activity
Puzzle Library
Sporcle Events
Private Events
Virtual Trivia
Globe League
Become a Host
Pub Owners
SporcleCon
Opinionation
Our Games
Videos
Blog
Mobile Apps
Partnerships
Remove Ads and Go Orange
Feedback
Movies
Disney
Marvel Cinematic Universe
Movie Resume
Movie Titles
Oscar
Actor
Actress
Director
Pixar
Role
Movie Quotes
Movie Characters
Box Office
Nominee
Best Picture
Star Wars
James Bond
Horror Movies
Movies
Disney
Marvel Cinematic Universe
Movie Resume
Movie Titles
Oscar
Actor
Actress
Director
Pixar
Role
Movie Quotes
Movie Characters
Box Office
Nominee
Best Picture
Star Wars
James Bond
Horror Movies
Random Quiz
Search Sporcle
×
Quiz Lab
Quiz Lab
Movies
Oscar
Type in answers that appear in a list
Type in answers that appear in a list
Classic
Best Score? Go Orange.
What A Movie! Stats
Can you name the movies that won 5 Oscars or more (excluding honorary)?
By
jvbusalanan
10m
62 Questions
103 Plays
103 Plays
103 Plays
Comments
Comments
Give Quiz Kudos
Give Quiz Kudos
-
- Ratings
hide this ad
Random Order
Randomize order of answers
Randomize order of answers
Replay
Link that replays current quiz
Next Quiz
Link to next quiz in quiz playlist
You Got
0%
They Got
Avg Score
56%
Avg Friend Score
Upgrade to see
Score Distribution
Jump to the score distribution portion of the page
Score
0/62
Timer
10:00
0
Plays Today
Hint
Answer
% Correct
1997
Titanic
91.3%
1939
Gone with the Wind
87.4%
1993
Schindler's List
80.6%
1991
The Silence of the Lambs
80.6%
1959
Ben-Hur
79.6%
2003
The Lord of the Rings: The Return of the King
76.7%
1994
Forrest Gump
76.7%
2000
Gladiator
76.7%
1975
One Flew over the Cuckoo's Nest
75.7%
1974
The Godfather Part II
71.8%
1982
Gandhi
70.9%
1999
American Beauty
70.9%
1998
Shakespeare in Love
70.9%
1979
Kramer vs. Kramer
70.9%
1961
West Side Story
69.9%
1965
The Sound of Music
69.9%
1984
Amadeus
68.9%
1990
Dances with Wolves
68.9%
2002
Chicago
68.9%
2009
The Hurt Locker
68.9%
1970
Patton
67%
1995
Braveheart
67%
1983
Terms of Endearment
67%
1950
All About Eve
65%
2011
The Artist
65%
1934
It Happened One Night
64.1%
1996
The English Patient
62.1%
2013
Gravity
62.1%
1985
Out of Africa
62.1%
1998
Saving Private Ryan
62.1%
1954
On the Waterfront
61.2%
Hint
Answer
% Correct
1962
Lawrence of Arabia
61.2%
1968
Oliver!
61.2%
2008
Slumdog Millionaire
60.2%
1978
The Deer Hunter
59.2%
1971
The French Connection
59.2%
1964
My Fair Lady
58.3%
1972
Cabaret
57.3%
1973
The Sting
56.3%
1958
Gigi
55.3%
1987
The Last Emperor
55.3%
1942
Mrs. Miniver
53.4%
1977
Star Wars
52.4%
1960
The Apartment
52.4%
1953
From Here to Eternity
51.5%
1964
Mary Poppins
47.6%
1957
The Bridge on the River Kwai
46.6%
1951
An American in Paris
46.6%
1967
In the Heat of the Night
44.7%
1946
The Best Years of our Lives
43.7%
1944
Going My Way
41.7%
1966
A Man for All Seasons
37.9%
1941
How Green Was My Valley
36.9%
1956
Around the World in Eighty Days
35%
1966
Who's Afraid of Virginia Woolf?
31.1%
2011
Hugo
30.1%
2004
The Aviator
28.2%
1965
Doctor Zhivago
20.4%
1956
The King and I
16.5%
1951
A Place in the Sun
11.7%
1952
The Bad and the Beautiful
7.8%
1944
Wilson
7.8%
Quiz Playlist
Details
Report
Send in Message
Add To Playlist
Classic:
Type in answers that appear in a list
Random Order:
Randomize order of answers
Last Updated: Feb 16, 2017
Quiz Scoreboard
CHALLENGE
Sign Up to Join the Scoreboard
Show All
Scores
Hide
Comments
May contain spoilers
Recently Published
1-10 Letter E Words III
by El_Dandy
Language
2m
One Thing in Common: World Cities II
by knightlancer
Geography
7m
Popular People in 1961
by mucciniale
History
6m
More to Explore
Quiz From the Vault
Featured Blog Post
Where Did the Easter Bunny Come From?
hide this ad
You Might Also Like...
Tags
Oscar Quiz
Academy
Academy Awards
multi-oscar
Oscar Winners
Today's Top Quizzes in Movies
Browse Movies
hide this ad
Today's Top Quizzes in Oscar
Browse Oscar
Top Contributed Quizzes in Movies
1
Multi-Oscar Nominations, One Movie, One Winner
2
12 Movies about Fictional 1960s Events
3
One Thing in Common: Movies
4
Three Word 'T' Movies Match Up
5
Sunday Crossword: Film Score Composers
6
One Thing in Common: Movies II
7
Three Word 'H' Movies Match Up
8
Three Word 'M' Movies Match Up
9
One Thing in Common: Oscars
10
Three Word 'P' Movies Match Up
Explore More
Trending Topics
Kpop
Anime
NBA
Disney
Harry Potter
Crossword
Marvel
WWE
Pokémon
The Office
Song
Puzzle
Soccer
NFL
Country
hide this ad
More By:
jvbusalanan
Quiz
Plays
Rating
Category
Featured
Created
What A Movie!
103
4.71
Movies
Aug 21, 2015
Go to Creator's Profile
Score Distribution
Quiz Creator Spotlight
jvbusalanan
Follow
Send a Message
Quizzes Created
-
Created Quiz Play Count
-
More By This Creator
Popular Quizzes Today
1
Find the US States - No Outlines Minefield
2
Find the Countries of Europe - No Outlines Minefield
3
The Countries of the World
4
Popular People in 1961
5
1-10 Letter E Words III
6
Find the US States
7
One Thing in Common: World Cities II
8
US States
More Movies Quizzes
Movies, as Explained by Patrick H Willems
Quiz Lab
Trending Quizzes
Risky Map Clicking: Least Populous States A-Z
1-10 Letter F Words
1-10 Letter G Words
One Thing in Common: United Kingdom
Risky Map Clicking: Biggest States A-Z
Recently Updated
Leaping Animals
pecheneg
Reality TV Shows (A-Z)
bhenderson79
Rickey Henderson's Hall of Fame Teammates
pecheneg
Champions League XIs: Arsenal
pecheneg
Quick Pick: Celebrities in WWE's Hall of Fame
aduchscher
A-Z Keypad Blitz II
pecheneg
Multiple Oscar Actors
pecheneg
Mystery Phrase Blitz: Oscar 'Best Actors'
pecheneg
F. Scott Fitzgerald Novels
LTH
Pick 3 Villains
ddd62291
Trending Topics
Marvel
Anime
Disney
NBA
Kpop
Harry Potter
Crossword
Puzzle
The Office
WWE
Pokémon
Country
Soccer
Song
NFL
Your Account Isn't Verified!
In order to create a playlist on Sporcle, you need to verify the email address you used during registration. Go to your
Sporcle Settings
to finish the process.
Report this User
Report this user for behavior that violates our
Community Guidelines
.
Details:
Send Report
Go to the Sporcle.com Mobile Site →
Comments